Statistics for Name Every 2017-18 Toronto Maple Leaf

Click here to take the quiz!

General Stats

  • This quiz has been taken 5 times
  • The average score is 13 of 33

Answer Stats

HintAnswer% Correct
#34Auston Matthews
100%
#16Mitch Marner
100%
#29William Nylander
80%
#28Connor Brown
60%
#31Frederik Andersen
60%
#44Morgan Rielly
60%
#43Nazem Kadri
60%
#23Travis Dermott
60%
#18Andreas Johnsson
40%
#48Calle Rosen
40%
#20Dominic Moore
40%
#33Frederik Gauthier
40%
#51Jake Gardiner
40%
#25James Van Riemsdyk
40%
#3Justin Holl
40%
#52Martin Marincin
40%
#15Matt Martin
40%
#22Nikita Zaitsev
40%
#12Patrick Marleau
40%
#2Ron Hainsey
40%
#11Zach Hyman
40%
#55Andreas Borgman
20%
#30Calvin Pickard
20%
#8Connor Carrick
20%
#35Curtis McElhinney
20%
#23Eric Fehr
20%
#32Josh Leivo
20%
#24Kasperi Kapanen
20%
#47Leo Komarov
20%
#26Nikita Soshnikov
20%
#46Roman Polak
20%
#19Tomas Plekanec
20%
#42Tyler Bozak
20%

Score Distribution

Percentile by Number Answered

Percent of People with Each Score

Your Score History

You have not taken this quiz